00916nam a22002297a 4500003000900000008004100009040007100050082002200121110004400143245004300187260003900230300004400269505022200313650000900535650002400544650000900568650001900577650001600596650001600612650001300628710004500641AR-CdUCM190304b           ||||| |||| 00| 0 spa d  aMUNICIPALIDAD PROVINCIAL DEL CUSCOcBIBLIOTECA MUNICIPAL DEL CUSCO  a985.61 / U42bU42  aUniversidad Nacional del Altiplano Puno  aPesquisa de pós graduacao UNA Puno /  aCusco :bSeñor de Huanca,c2017.  a332 páginas ;bilustraciones,c20 cm.  aContenido: Área Arqueología -- Arqueología urbana RUA Intiqcahuarina da propiedade N°620 -- Gestao como Ferramenta para conservacao do patrimonio cultural -- Museología e museografía o museo Inka UNSAAC ...  aInka  aArqueologia Incaica  aInca  aAntropología  aEducación  aFilosofía  aHistoria  aEscuela de Pos Grado Programa de Idiomas